|
|
|
|
| LEADER |
00797cam a22001814a 4500 |
| 020 |
|
|
|a 9780199794126
|
| 082 |
0 |
0 |
|a 330.1
|b Q21
|
| 100 |
1 |
|
|a Klein, Daniel B
|9 26686
|
| 245 |
1 |
0 |
|a Knowledge and coordination:
|b a liberal interpretation/
|c Daniel B. Klein.
|
| 260 |
|
|
|a New York:
|b Oxford University Press,
|c 2011.
|
| 300 |
|
|
|a xvii, 351p.
|b ill. ;
|
| 504 |
|
|
|a Includes bibliographical references and index.
|
| 650 |
|
0 |
|a Liberalism.
|9 27106
|
| 650 |
|
0 |
|a Economics.
|9 27107
|
| 856 |
|
|
|u http://www.amazon.co.uk/Knowledge-Coordination-A-Liberal-Interpretation/dp/019979412X#reader_019979412X
|
| 942 |
|
|
|c BK
|
| 999 |
|
|
|c 64286
|d 64286
|
| 952 |
|
|
|0 0
|1 0
|4 0
|6 330_100000000000000_Q21
|7 0
|9 56196
|a MGUL
|b MGUL
|c GEN
|d 2014-12-19
|e Current Books Bill No 837 dated 10.12.14
|g 1795.00
|l 2
|m 1
|o 330.1 Q21
|p 52354
|r 2016-10-31
|s 2016-08-03
|y BK
|